Translate Day - Statistics

General Stats
  • This quiz has been taken 10 times
  • The average score is 12 of 51
Answer Stats
Hint Answer % Correct
Spanish Día
89%
Portuguese Dia
89%
German Tag
78%
Dutch Dag
67%
Swedish Dag
67%
Danish Dag
67%
Norwegian Dag
67%
French Jour
67%
Italian Giorno
56%
Russian День
33%
Ukrainian День
33%
Czech Den
33%
Slovak Deň
33%
Polish Dzień
33%
Serbian Дан
22%
Greek Ημέρα
22%
Japanese
22%
Croatian Dan
22%
Turkish Gün
22%
Armenian Օր
11%
Hindi दिन
11%
Bengali দিন
11%
Punjabi ਦਿਨ
11%
Farsi روز
11%
Kazakh Күн
11%
Arabic يوم
11%
Hebrew יום
11%
Mandarin
11%
Korean
11%
Georgian დღე
11%
Mongolian өдөр
11%
Nepali दिन
11%
Tamazight ⴰⵙⵙ
11%
Filipino Araw
11%
Icelandic Dagur
11%
Lithuanian Diena
11%
Albanian Ditë
11%
Indonesian Hari
11%
Cantonese Jat6
11%
Uzbek Kun
11%
Vietnamese Ngày
11%
Estonian Päev
11%
Zulu Usuku
11%
Romanian Zi
11%
Amharic ቀን
0%
Somali Maalin
0%
Hungarian Nap
0%
Yoruba Ọjọ́
0%
Finnish Päivä
0%
Kurdish Roj
0%
Swahili Siku
0%
No matching quizzes found
Score Distribution
Percent of People with Each Score
Percentile by Number Answered
Your Score History
You have not taken this quiz